Régimen penal tributario (Registro nro. 1041)

Detalles MARC
000 -LEADER
fixed length control field 00723 a2200217 4500
001 - CONTROL NUMBER
control field 22654
005 - DATE AND TIME OF LATEST TRANSACTION
control field 20260407155517.0
008 - FIXED-LENGTH DATA ELEMENTS--GENERAL INFORMATION
fixed length control field 260407a1991 arg spa d
003 - CONTROL NUMBER IDENTIFIER
control field AR-UNSa-BCEJYS
040 ## - CATALOGING SOURCE
Original cataloging agency AR-UNSa-BCEJYS
Language of cataloging spa
Transcribing agency AR-UNSa-BCEJYS
080 ## - UNIVERSAL DECIMAL CLASSIFICATION NUMBER
Universal Decimal Classification number 343.359
Common auxiliary subdivision Delitos contra el fisco y otras autoridades administrativas (Derecho Penal Tributario, Delitos fiscales)
020 ## - INTERNATIONAL STANDARD BOOK NUMBER
International Standard Book Number 950-508-348-3
100 1# - MAIN ENTRY--PERSONAL NAME
Personal name Argentina [Leyes, etc.]
245 10 - TITLE STATEMENT
Title Régimen penal tributario
Name of part/section of a work Ley 23.771
264 #1 - PRODUCTION, PUBLICATION, DISTRIBUTION, MANUFACTURE, AND COPYRIGHT NOTICE
Place of production, publication, distribution, manufacture Buenos Aires :
Name of producer, publisher, distributor, manufacturer Astrea
Date of production, publication, distribution, manufacture, or copyright notice 1991
300 ## - PHYSICAL DESCRIPTION
Extent 116 p.
Dimensions 20 cm.
505 ## - FORMATTED CONTENTS NOTE
Formatted contents note Ley 23.771. Régimen Penal Tributario
590 ## - LOCAL NOTE (RLIN)
Local note niveau_biblio:m niveau_hierar:0
700 1# - ADDED ENTRY--PERSONAL NAME
Personal name Edwards, Carlos Enrique
942 ## - ADDED ENTRY ELEMENTS (KOHA)
Koha item type
Existencias
Withdrawn status Lost status Damaged status Not for loan Home library Current library Shelving location Date acquired Total checkouts Full call number Barcode Date last seen Price effective from Koha item type
        Biblioteca Prof. Eusebio Cleto del Rey Biblioteca Prof. Eusebio Cleto del Rey   07/04/2026   343.359 A688 L53800 07/04/2026 07/04/2026 Libro
        Biblioteca Prof. Eusebio Cleto del Rey Biblioteca Prof. Eusebio Cleto del Rey   07/04/2026   343.359 A688 L53799 07/04/2026 07/04/2026 Libro
        Biblioteca Prof. Eusebio Cleto del Rey Biblioteca Prof. Eusebio Cleto del Rey   07/04/2026   343.359 A688 L53798 07/04/2026 07/04/2026 Libro